MARC

Tag First Indicator Second Indicator Subfields
LEADER 00000cam a2200000 4500
001 in00000022366
005 20151007063949.0
008 741210s1924 ctu 00010 eng u
010 |a  24003683  
035 |a (OCoLC)01106071 
035 |9 AAD8718AM 
040 |c IRU  |d TXA  |d UtOrBLW 
049 |a TXAM  |c [136067] 
050 0 |a PN721  |b .T5 
092 |a 809  |b T469 
100 1 |a Thompson, Elbert N. S.  |q (Elbert Nevius Sebring),  |d 1877-1948. 
245 1 0 |a Literary bypaths of the renaissance /  |c by Elbert N. S. Thompson. 
264 1 |a New Haven :  |b Yale University Press, [etc., etc.],  |c 1924. 
300 |a vi pages, 1 ., 189 pages ;  |c 23 cm. 
336 |a text  |b txt  |2 rdacontent 
337 |a unmediated  |b n  |2 rdamedia 
338 |a volume  |b nc  |2 rdacarrier 
505 0 |a Preface.--Character books.--Emblem books.--War journalism of the seventeenth century.--Familiar letters.--Books of courtesy.--A representative man of letters [Thomas Fuller] 
650 0 |a Literature, Modern  |x History and criticism. 
650 0 |a Literature, Modern  |y 17th century  |x History and criticism. 
650 0 |a English literature  |y Early modern, 1500-1700. 
650 0 |a Renaissance  |z England. 
999 |a MARS 
999 f f |s 0ad73670-452a-3ab5-a7c5-5c0376995f26  |i 23eb828d-e731-399b-a880-68d8e3c26879  |t 0 
952 f f |p ric  |a Texas A&M University  |b Rellis Campus  |c Joint Library Facility  |d Remote Storage  |t 0  |e PN721 .T5  |h Library of Congress classification  |i unmediated -- volume  |m A14801205804 
998 f f |a PN721 .T5  |t 0  |l Remote Storage